No vi tigres en Kerala / (Record no. 193260)

MARC details
000 -LEADER
campo de control de longitud fija 02740nam a2200493 i 4500
001 - NÚMERO DE CONTROL
campo de control 193260
003 - IDENTIFICADOR DE NÚMERO DE CONTROL
campo de control SpMaBN
005 - FECHA Y HORA DE LA ÚLTIMA TRANSACCIÓN
campo de control 20250827052658.0
007 - CAMPO FIJO DE DESCRIPCIÓN FÍSICA--INFORMACIÓN GENERAL
campo de control de longitud fija ta
008 - DATOS DE LONGITUD FIJA--INFORMACIÓN GENERAL
campo de control de longitud fija 130906s2013 sp a | |||| 000 0aspa
017 ## - NÚMERO DE COPYRIGHT O DE DEPÓSITO LEGAL
Número de copyright o de depósito legal M 10988-2013
Agencia que asigna Oficina Depósito Legal Madrid
020 ## - NÚMERO INTERNACIONAL ESTÁNDAR DEL LIBRO
Número Internacional Estándar del Libro 9788415244974
035 ## - NÚMERO DE CONTROL DEL SISTEMA
Número de control de sistema (OCoLC)864334000
035 ## - NÚMERO DE CONTROL DEL SISTEMA
Número de control de sistema a5394583
040 ## - FUENTE DE CATALOGACIÓN
Centro catalogador/agencia de origen SpMaBN
Lengua de catalogación spa
Centro/agencia transcriptor SpMaBN
Normas de descripción rdc
080 ## - NÚMERO DE LA CLASIFICACIÓN DECIMAL UNIVERSAL
Número de la Clasificación Decimal Universal 913(548)(036)
080 ## - NÚMERO DE LA CLASIFICACIÓN DECIMAL UNIVERSAL
Número de la Clasificación Decimal Universal 914.973
080 ## - NÚMERO DE LA CLASIFICACIÓN DECIMAL UNIVERSAL
Número de la Clasificación Decimal Universal 908(439)
100 1# - ENTRADA PRINCIPAL--NOMBRE DE PERSONA
Nombre de persona Nistal, Gloria
Número de control del registro de autoridad o número normalizado XX1740682
Término indicativo de función/relación Autor
9 (RLIN) 234310
245 10 - MENCIÓN DEL TÍTULO
Título No vi tigres en Kerala /
Mención de responsabilidad, etc. Gloria Nistal
250 ## - MENCION DE EDICION
Mención de edición Primera edición: 2013
260 ## - PUBLICACIÓN, DISTRIBUCIÓN, ETC.
Lugar de publicación, distribución, etc. Madrid :
Nombre del editor, distribuidor, etc. Pigmalión Edypro,
Fecha de publicación, distribución, etc. 2013
300 ## - DESCRIPCIÓN FÍSICA
Extensión 234 páginas, 3 láminas (color) ;
Dimensiones 21 cm
336 ## - TIPO DE CONTENIDO
Término de tipo de contenido Texto (visual)
Fuente isbdcontent
337 ## - TIPO DE MEDIO
Nombre/término del tipo de medio sin mediación
Fuente isbdmedia
338 ## - TIPO DE SOPORTE
Fuente rdacarrier
Nombre/término del tipo de soporte volumen
490 1# - MENCIÓN DE SERIE
Mención de serie Narrativa
500 ## - NOTA GENERAL
Nota general Índice
500 ## - NOTA GENERAL
Nota general Galería fotográfica: p. [235-237]
505 ## - NOTA DE CONTENIDO CON FORMATO
Nota de contenido con formato Contiene: India del Sur; Montenegro y Hungría (Budapest)
520 ## - RESUMEN, ETC.
Sumario, etc. Posiblemente, los relatos de viajes son el exponente de las múltiples facetas de Gloria Nistal como autora. En estos libros encontramos un sinfín de rasgos que definen su personalidad y su estilo, entre los que es característica muy destacada la combinación de diversos contenidos y formas. En sus escritos, casi siempre, se mezclan, o tal vez se complementan, lo más doloroso y lo más divertido, lo poético y lo coloquial, lo que nos divierte y lo que nos hace pensar… A través de la lectura de sus libros de viajes llegamos a sentir que participamos de algún modo en cada uno de los itinerarios descritos, contemplamos la belleza de sus paisajes, disfrutamos de sus manifestaciones artísticas, aprendemos su historia, observamos a sus gentes, conocemos nuevas formas de vida, ensanchamos nuestro mundo y nos enriquecemos espiritualmente.<br/><br/>En esta ocasión nos habla de la India del sur y de un segundo viaje en el que visita dos países europeos: Montenegro y Hungría.
651 #4 - PUNTO DE ACCESO ADICIONAL DE MATERIA--NOMBRE GEOGRÁFICO
Nombre geográfico India meridional-
Subdivisión general Descripción
Fuente del encabezamiento o término embne
9 (RLIN) 234389
651 #4 - PUNTO DE ACCESO ADICIONAL DE MATERIA--NOMBRE GEOGRÁFICO
Nombre geográfico Montenegro-
Subdivisión general Descripción
9 (RLIN) 234390
651 #4 - PUNTO DE ACCESO ADICIONAL DE MATERIA--NOMBRE GEOGRÁFICO
Nombre geográfico Hungría-
Subdivisión general Descripción
9 (RLIN) 164203
655 #0 - TERMINO DE INDIZACIÓN--GENERO/FORMA
Datos o término principal de género/forma Narraciones de viajes
9 (RLIN) 233914
830 ## - PUNTO DE ACCESO ADICIONAL DE SERIE-TÍTULO UNIFORME
9 (RLIN) 234388
Título uniforme Narrativa Pigmalión
852 ## - LOCALIZACIÓN
Ubicación ES-MaACL
Sublocalización o colección R. 154659
Ubicación en estantería Depósito J
Número de control de estantería N-9431
itemnumber 200690
Encuadernación Encuadernación rústica con solapas
Donativo/Legado Donación: Gloria Nistal
903 ## - NOMBRE PERSONAL DE DONANTE
a Nistal, Gloria
e Donante
9 234310
942 ## - ELEMENTOS DE ENTRADA SECUNDARIOS (KOHA)
Suprimir en OPAC No
Tipo de ítem Koha Libro impreso
Holdings
Estatus retirado Estado de pérdida Fuente del sistema de clasificación o colocación Estado de daño No para préstamo Biblioteca de origen Biblioteca actual Ubicación en estantería Fecha de adquisición Fuente de adquisición Número de control de estantería Total de préstamos Signatura topográfica completa Código de barras Visto por última vez Tipo de ítem Koha
    Clasificación decimal universal     Biblioteca del Ateneo de Madrid Biblioteca del Ateneo de Madrid Depósito J 25/10/2023 Donación Ateneísta   N-9431 101205978 25/10/2023 Libro impreso